[Event "Savona Province-ch"]
[Site "Savona"]
[Date "2010.02.14"]
[Round "4"]
[White "Rosa, Lorenzo"]
[Black "Damele, Stefano"]
[Result "1/2-1/2"]
[WhiteElo "1446"]
[BlackElo "1945"]
[PlyCount "122"]
[EventDate "2010.02.12"]
[EventType "swiss"]
[EventRounds "5"]
[EventCountry "ITA"]
[SourceTitle "EXT 2024"]
[Source "ChessBase"]
[SourceDate "2023.10.10"]
[SourceVersion "1"]
[SourceVersionDate "2023.10.10"]
[SourceQuality "1"]

1. g3 Nf6 2. Bg2 e6 3. Nh3 d5 4. d4 c5 5. Be3 Qb6 6. b3 Nc6 7. c3 cxd4 8. cxd4 Bb4+ 9. Nd2 Bc3 10. Rc1 Bxd4 11. Bxd4 Nxd4 12. 0-0 0-0 13. e3 Nc6 14. e4 Bd7 15. Kh1 Rfd8 16. Qe1 Nb4 17. Qe3 Qxe3 18. fxe3 Nxa2 19. Rc7 Bc8 20. e5 Rd7 21. Rxc8+ Rxc8 22. exf6 gxf6 23. Rxf6 Rc1+ 24. Bf1 Nc3 25. Kg2 Rc2 26. Rf2 Nd1 27. Bd3 Rb2 28. Re2 Nxe3+ 29. Rxe3 Rxd2+ 30. Nf2 Re7 31. g4 e5 32. Bf5 d4 33. Rh3 f6 34. Rh6 e4 35. Kg3 e3 36. Nd3 e2 37. Ne1 Rd1 38. Kf2 Rd2 39. Rxf6 Rc7 40. Be6+ Kg7 41. g5 a6 42. Bc4 b5 43. Bxe2 Re7 44. Nf3 Rdxe2+ 45. Kf1 d3 46. Rxa6 d2 47. Ra1 d1Q+ 48. Rxd1 Rb2 49. Nh4 Rxb3 50. Nf5+ Kf7 51. Nxe7 Kxe7 52. Re1+ Kf7 53. Re4 Rf3+ 54. Ke2 Rf5 55. h4 Rd5 56. Rb4 Kg6 57. Ke3 Rc5 58. Kf3 Rc3+ 59. Kg2 Rc4 60. Rxb5 Rxh4 61. Kg3 Rh1 1/2-1/2